000 00444nam a2200145 a 4500
001 16349
005 20180713205245.0
008 140415s1977 000 0 spa d
041 _aspa
082 _a338.9173
_bUNI
245 0 4 _aTHE UNITED STATES AND THE DEVELOPING COUNTRIES
260 _a[s.l.] :
_bWESTVIEW PRESS, INC.,
_c1977
300 _a150
650 1 4 _aECONOMIA
_xAMERICA LATINA
_xESTADOS UNIDOS
_xECONOMIA INTERNACIONAL
999 _c16349
_d16349